| 000 | 01602nam2a2200313 4500 | ||
|---|---|---|---|
| 001 | RU\NLR\BIBL_A\010802352 | ||
| 005 | 20250614101403.0 | ||
| 010 |
_a978-5-9571-1088-0 _9100 |
||
| 021 |
_aRU _b2015-38282 _92270 |
||
| 035 | _a(NLR Aleph) 010802352 | ||
| 090 |
_a10166746 _c10166746 |
||
| 100 | _a20150715d2015 |||y0rusy50 ca | ||
| 101 | 0 |
_aeng _ager _abel _aspa |
|
| 102 | _aRU | ||
| 105 | _ay z 000yy | ||
| 200 | 0 |
_aVol. 4 _epapers of International conference, 14-15 April, 2015 |
|
| 210 |
_aBelgorod _cБелгород _cНИУ БелГУ _d2015 |
||
| 215 |
_a271 с. _cил. |
||
| 300 | _aВ надзаг.: Belgorod state nat. research univ., Mozyr state ped. univ. names after Shamyakin, Pavlodar state ped. inst. | ||
| 300 | _aТекст на англ., нем., рус., белорус. , исп. яз. | ||
| 320 | _aБиблиогр. в конце докл. | ||
| 461 | 0 |
_1001RU\NLR\b_ik\199013 _12000#$aExperientia est optima magistra$dОпыт - лучший учитель$ecollected articles$fBelgorod state nat. research univ.$g[ed.-in-chief: A.A. Kolesnikov]$zrus$vVol. 4 _93955110 _cBelgorod _d2012 _fBelgorod state nat. research univ. _lОпыт - лучший учитель _nPPC NRU BelSU _ocollected articles _tExperientia est optima magistra _vVol. 4 |
|
| 712 | 0 | 2 |
_4570 _7ba _8eng _aMozyr state pedagogical university named after Shamyakin _9481620 _3RU\NLR\AUTH\880407710 |
| 712 | 0 | 2 |
_4570 _7ba _8eng _aPavlodar state pedagogical institute _9481622 _3RU\NLR\AUTH\880407711 |
| 942 | _cBOOK | ||
| 980 | _aNB | ||